[Event "European Senior Team Championship 2021"]
[Site "Don Giovanni hotel, Vinohradska 2733, Prague, Czech Republic"]
[Date "2021.09.01"]
[Round "3"]
[Board "4"]
[White "Wihlborn, Bengt"]
[Black "Horak, Vladimir"]
[Result "0-1"]
[WhiteElo "1868"]
[BlackElo "1954"]
[PlyCount "0"]
[EventDate "2021.08.30"]
[EventType "team"]
[EventRounds "9"]
[EventCountry "ECX"]
[WhiteTeam "SWEDEN 2"]
[BlackTeam "CHESS ACADEMY PRAHA"]

1. Nf3 {[%clk 1:30:52]} d5 {[%clk 1:30:51]} 2. c4 {[%clk 1:31:10]} c6
{[%clk 1:31:03]} 3. b3 {[%clk 1:31:08]} Nf6 {[%clk 1:30:42]} 4. Bb2
{[%clk 1:30:27]} e6 {[%clk 1:30:11]} 5. e3 {[%clk 1:30:38]} Be7 {[%clk 1:30:15]}
6. Be2 {[%clk 1:30:23]} Nbd7 {[%clk 1:30:10]} 7. d4 {[%clk 1:29:07]} O-O
{[%clk 1:30:15]} 8. O-O Ne4 9. Nc3 {[%clk 1:24:41]} f5 {[%clk 1:28:32]} 10. Nxe4
{[%clk 1:20:54]} fxe4 {[%clk 1:28:17]} 11. Ne5 {[%clk 1:20:40]} Bd6
{[%clk 1:24:19]} 12. f4 {[%clk 1:19:56]} exf3 {[%clk 1:23:05]} 13. Nxf3
{[%clk 1:19:49]} Qe7 {[%clk 1:22:24]} 14. Qc2 {[%clk 1:15:35]} Nf6
{[%clk 1:20:26]} 15. Bd3 {[%clk 1:14:43]} Bd7 {[%clk 1:16:30]} 16. e4
{[%clk 1:09:16]} dxe4 {[%clk 1:14:13]} 17. Bxe4 {[%clk 1:09:41]} Nxe4
{[%clk 1:14:01]} 18. Qxe4 {[%clk 1:10:05]} Rf4 {[%clk 1:13:10]} 19. Qe2
{[%clk 1:08:37]} Raf8 {[%clk 1:12:24]} 20. Bc3 {[%clk 1:07:24]} c5
{[%clk 0:55:21]} 21. Rad1 {[%clk 1:04:08]} cxd4 {[%clk 0:38:15]} 22. Nxd4
{[%clk 0:58:40]} Bc5 {[%clk 0:35:25]} 23. Rxf4 {[%clk 0:57:43]} Rxf4
{[%clk 0:35:53]} 24. Kh1 {[%clk 0:57:10]} Qf7 {[%clk 0:21:04]} 25. Nf3
{[%clk 0:54:52]} Qe7 {[%clk 0:12:35]} 26. Be5 {[%clk 0:45:31]} Rf5
{[%clk 0:12:19]} 27. Bg3 {[%clk 0:43:57]} Bc6 {[%clk 0:10:14]} 28. Ne5
{[%clk 0:43:59]} Be8 {[%clk 0:08:42]} 29. Qd3 {[%clk 0:42:04]} Bb6
{[%clk 0:07:24]} 30. Rf1 {[%clk 0:36:12]} Qc5 {[%clk 0:05:33]} 31. Nf3
{[%clk 0:34:17]} Bc6 {[%clk 0:05:15]} 32. Bf2 {[%clk 0:34:06]} Qb4
{[%clk 0:03:20]} 33. Bxb6 Qxb6 34. Ne5 {[%clk 0:32:30]} Rxe5 {[%clk 0:03:05]} 35.
Qd6 {[%clk 0:32:06]} Bxg2+ {[%clk 0:03:26]}  0-1

[Event "European Senior Team Championship 2021"]
[Site "Don Giovanni hotel, Vinohradska 2733, Prague, Czech Republic"]
[Date "2021.09.01"]
[Round "3"]
[Board "1"]
[White "Semakoff, Aleks"]
[Black "Lomer, Edmund"]
[Result "1-0"]
[WhiteElo "1996"]
[BlackElo "2013"]
[PlyCount "0"]
[EventDate "2021.08.30"]
[EventType "team"]
[EventRounds "9"]
[EventCountry "ECX"]
[WhiteTeam "GOLDEN OLDIES"]
[BlackTeam "GERMAN NORTH TEAM"]

1. e4 {[%clk 1:30:56]} d5 {[%clk 1:30:40]} 2. exd5 {[%clk 1:31:18]} Qxd5
{[%clk 1:30:54]} 3. Nf3 {[%clk 1:31:07]} Nf6 {[%clk 1:30:50]} 4. d4
{[%clk 1:30:35]} Bg4 {[%clk 1:30:09]} 5. Be2 {[%clk 1:26:43]} c6 {[%clk 1:29:54]}
6. c4 {[%clk 1:25:43]} Qa5+ {[%clk 1:29:25]} 7. Nc3 {[%clk 1:24:55]} e6
{[%clk 1:29:30]} 8. O-O {[%clk 1:24:32]} Be7 {[%clk 1:29:21]} 9. Be3
{[%clk 1:21:38]} O-O {[%clk 1:29:12]} 10. h3 {[%clk 1:20:16]} Bxf3
{[%clk 1:27:59]} 11. Bxf3 {[%clk 1:20:25]} Nbd7 {[%clk 1:28:02]} 12. Qc2
{[%clk 1:02:35]} Rac8 {[%clk 1:24:28]} 13. a3 {[%clk 1:01:44]} Qc7
{[%clk 1:20:27]} 14. Rfd1 {[%clk 0:58:09]} Rfd8 {[%clk 1:18:14]} 15. Rac1
{[%clk 0:55:00]} Nb6 {[%clk 1:16:12]} 16. Qb3 {[%clk 0:53:04]} Rd7
{[%clk 1:13:47]} 17. a4 {[%clk 0:39:51]} Qd8 {[%clk 1:10:34]} 18. a5
{[%clk 0:36:04]} Na8 {[%clk 1:10:36]} 19. d5 {[%clk 0:33:07]} exd5
{[%clk 1:08:59]} 20. cxd5 {[%clk 0:33:09]} c5 {[%clk 0:54:54]} 21. d6
{[%clk 0:26:47]} Bxd6 {[%clk 0:52:26]} 22. Bxb7 {[%clk 0:24:06]} Rb8
{[%clk 0:51:54]} 23. a6 {[%clk 0:23:57]} Nb6 {[%clk 0:51:23]} 24. Nb5
{[%clk 0:20:08]} c4 {[%clk 0:37:54]} 25. Qc2 {[%clk 0:20:14]} Bc7
{[%clk 0:35:00]} 26. Nxa7 {[%clk 0:18:52]} Nfd5 {[%clk 0:34:22]} 27. Bxb6
{[%clk 0:14:48]} Nxb6 {[%clk 0:34:07]} 28. Nc6 {[%clk 0:14:37]} Qe8
{[%clk 0:23:22]} 29. Nxb8 {[%clk 0:13:49]} Bxb8 {[%clk 0:23:37]} 30. Qf5
{[%clk 0:10:38]} g6 {[%clk 0:22:50]} 31. Qf3 {[%clk 0:10:14]} Qe5
{[%clk 0:22:09]} 32. Qg3 {[%clk 0:07:34]} Qe8 {[%clk 0:21:45]} 33. Qc3
{[%clk 0:07:13]} Rd3 {[%clk 0:19:29]} 34. Rxd3 {[%clk 0:06:55]} cxd3
{[%clk 0:19:57]} 35. Qxd3 {[%clk 0:06:46]} Qe5 {[%clk 0:19:59]} 36. g3
{[%clk 0:06:45]} Ba7 {[%clk 0:19:29]} 37. Qc3 {[%clk 0:06:17]} Qg5
{[%clk 0:18:52]} 38. Re1 {[%clk 0:05:55]} Nd7 {[%clk 0:18:56]} 39. Re8+
{[%clk 0:04:31]} Nf8 {[%clk 0:19:15]} 40. Kg2 {[%clk 0:04:37]} Qf5
{[%clk 0:19:11]} 41. Qf3 {[%clk 0:03:53]} Qb5 {[%clk 0:19:05]} 42. Ra8
{[%clk 0:03:29]} Qb6 {[%clk 0:18:38]} 43. Bd5 {[%clk 0:03:21]} Qc7
{[%clk 0:18:34]} 44. Qxf7+ {[%clk 0:03:28]}  1-0

[Event "European Senior Team Championship 2021"]
[Site "Don Giovanni hotel, Vinohradska 2733, Prague, Czech Republic"]
[Date "2021.09.01"]
[Round "3"]
[Board "2"]
[White "Van Bentum, Horst"]
[Black "Johnsen, Oystein"]
[Result "1/2-1/2"]
[WhiteElo "1989"]
[BlackElo "1958"]
[PlyCount "0"]
[EventDate "2021.08.30"]
[EventType "team"]
[EventRounds "9"]
[EventCountry "ECX"]
[WhiteTeam "GERMAN NORTH TEAM"]
[BlackTeam "GOLDEN OLDIES"]

1. d4 {[%clk 1:30:55]} d5 {[%clk 1:14:23]} 2. Nf3 {[%clk 1:30:36]} Nf6
{[%clk 1:10:11]} 3. Bf4 {[%clk 1:30:24]} e6 {[%clk 1:10:31]} 4. e3
{[%clk 1:30:04]} Bd6 {[%clk 1:10:37]} 5. Bg3 {[%clk 1:29:08]} c6 {[%clk 1:09:18]}
6. c3 {[%clk 1:27:04]} Qc7 {[%clk 1:09:42]} 7. Nbd2 {[%clk 1:26:01]} Nbd7
{[%clk 1:09:34]} 8. Bd3 {[%clk 1:25:24]} e5 {[%clk 1:03:54]} 9. dxe5
{[%clk 1:19:29]} Nxe5 {[%clk 1:04:03]} 10. Nxe5 {[%clk 1:18:34]} Bxe5
{[%clk 1:04:22]} 11. Nf3 {[%clk 1:14:45]} Bxg3 {[%clk 0:59:08]} 12. hxg3
{[%clk 1:14:46]} Bg4 {[%clk 0:56:32]} 13. Qa4  1/2-1/2

[Event "European Senior Team Championship 2021"]
[Site "Don Giovanni hotel, Vinohradska 2733, Prague, Czech Republic"]
[Date "2021.09.01"]
[Round "3"]
[Board "3"]
[White "Thjomoe, Hans Richard"]
[Black "Kundt, Guenther"]
[Result "1/2-1/2"]
[WhiteElo "1856"]
[BlackElo "1751"]
[PlyCount "0"]
[EventDate "2021.08.30"]
[EventType "team"]
[EventRounds "9"]
[EventCountry "ECX"]
[WhiteTeam "GOLDEN OLDIES"]
[BlackTeam "GERMAN NORTH TEAM"]

1. e4 {[%clk 1:30:53]} d5 {[%clk 1:30:52]} 2. exd5 {[%clk 1:30:34]} Nf6
{[%clk 1:31:12]} 3. d4 {[%clk 1:29:52]} Nxd5 {[%clk 1:31:28]} 4. Nf3
{[%clk 1:28:18]} g6 {[%clk 1:30:03]} 5. Bd3 {[%clk 1:24:46]} Bg7 {[%clk 1:28:30]}
6. O-O {[%clk 1:22:50]} O-O {[%clk 1:27:06]} 7. Be3 {[%clk 1:20:14]} c5
{[%clk 1:16:09]} 8. Nc3 cxd4 {[%clk 1:12:33]} 9. Bxd4 Nxc3 {[%clk 1:12:33]} 10.
Bxc3 Bxc3 {[%clk 1:12:33]} 11. bxc3 Nc6 12. Qd2 Kg7 {[%clk 0:47:19]} 13. Rfe1
{[%clk 0:53:51]} Bg4 {[%clk 0:38:36]} 14. Qf4 {[%clk 0:48:26]} Bxf3
{[%clk 0:37:19]} 15. Qxf3 {[%clk 0:48:50]} Qc7 {[%clk 0:37:03]}  1/2-1/2

[Event "European Senior Team Championship 2021"]
[Site "Don Giovanni hotel, Vinohradska 2733, Prague, Czech Republic"]
[Date "2021.09.01"]
[Round "3"]
[Board "4"]
[White "Geibel, Henning"]
[Black "Bjorgvik, Jan Arne"]
[Result "1/2-1/2"]
[WhiteElo "1446"]
[BlackElo "1722"]
[PlyCount "0"]
[EventDate "2021.08.30"]
[EventType "team"]
[EventRounds "9"]
[EventCountry "ECX"]
[WhiteTeam "GERMAN NORTH TEAM"]
[BlackTeam "GOLDEN OLDIES"]

1. e4 {[%clk 1:30:46]} c6 {[%clk 1:30:43]} 2. Bc4 {[%clk 1:30:35]} d5
{[%clk 1:30:17]} 3. exd5 {[%clk 1:30:45]} cxd5 {[%clk 1:30:23]} 4. Bb3
{[%clk 1:30:45]} Nf6 {[%clk 1:30:19]} 5. d4 {[%clk 1:30:42]} e6 {[%clk 1:29:47]}
6. Nf3 {[%clk 1:30:31]} Nc6 {[%clk 1:29:24]} 7. O-O {[%clk 1:29:59]} Bd6
{[%clk 1:26:21]} 8. h3 {[%clk 1:27:36]} O-O {[%clk 1:25:04]} 9. Bg5
{[%clk 1:26:31]} h6 {[%clk 1:24:24]} 10. Bxf6 {[%clk 1:25:30]} Qxf6
{[%clk 1:24:17]} 11. c4 {[%clk 1:24:24]} dxc4 {[%clk 1:22:42]} 12. Bxc4
{[%clk 1:24:04]} Rd8 {[%clk 1:21:55]} 13. Nc3 {[%clk 1:22:33]} Bb8
{[%clk 0:40:32]} 14. Ne2 {[%clk 1:14:12]} e5 {[%clk 0:40:32]} 15. d5
{[%clk 1:14:12]} Ne7 {[%clk 0:40:32]} 16. Qb3 {[%clk 1:14:12]} Qd6
{[%clk 0:40:32]} 17. g3 b6 18. Kh2 Qd7 {[%clk 0:40:32]} 19. Neg1 {[%clk 1:14:12]}
Qd6 {[%clk 0:36:41]} 20. Rfe1 {[%clk 1:13:32]} f6 {[%clk 0:31:32]} 21. Rad1
 1/2-1/2

[Event "European Senior Team Championship 2021"]
[Site "Don Giovanni hotel, Vinohradska 2733, Prague, Czech Republic"]
[Date "2021.09.01"]
[Round "3"]
[Board "1"]
[White "Pacl, Vaclav"]
[Black "Sedlak, Ludek"]
[Result "1/2-1/2"]
[WhiteElo "2015"]
[BlackElo "1879"]
[PlyCount "0"]
[EventDate "2021.08.30"]
[EventType "team"]
[EventRounds "9"]
[EventCountry "ECX"]
[WhiteTeam "SK PLZEN"]
[BlackTeam "CAISSA ROZTOKY"]

1. Nf3 {[%clk 1:30:55]} d6 {[%clk 1:30:21]} 2. c4 {[%clk 1:30:33]} g6
{[%clk 1:29:43]} 3. Nc3 {[%clk 1:30:51]} Bg7 {[%clk 1:29:51]} 4. g3
{[%clk 1:31:11]} c5 {[%clk 1:23:55]} 5. Bg2 {[%clk 1:29:01]} Nc6 {[%clk 1:23:57]}
6. O-O {[%clk 1:28:31]} e6 {[%clk 1:19:06]} 7. a3 {[%clk 1:14:52]} Nge7
{[%clk 1:18:40]} 8. b4 {[%clk 1:14:15]} cxb4 {[%clk 1:04:10]} 9. axb4
{[%clk 1:14:39]} Nxb4 {[%clk 1:03:37]} 10. Ba3 {[%clk 1:14:53]} Nbc6
{[%clk 1:03:41]} 11. Ra2 {[%clk 1:11:27]} O-O {[%clk 0:59:11]} 12. Qc2
{[%clk 0:51:32]} d5 {[%clk 0:36:59]} 13. d3 {[%clk 0:51:49]} a6 {[%clk 0:33:55]}
14. Rb1 {[%clk 0:45:50]} Qc7 {[%clk 0:29:58]} 15. Bc5 {[%clk 0:36:15]} dxc4
{[%clk 0:23:42]} 16. dxc4 {[%clk 0:35:45]} Ne5 {[%clk 0:22:19]} 17. Na4
{[%clk 0:23:49]} Re8 {[%clk 0:18:04]} 18. Nxe5 {[%clk 0:20:21]} Bxe5
{[%clk 0:16:13]} 19. Bb6 {[%clk 0:20:28]} Qb8 {[%clk 0:15:32]} 20. Qd3
{[%clk 0:16:01]} Bc7 {[%clk 0:11:29]} 21. Rab2  1/2-1/2

[Event "European Senior Team Championship 2021"]
[Site "Don Giovanni hotel, Vinohradska 2733, Prague, Czech Republic"]
[Date "2021.09.01"]
[Round "3"]
[Board "2"]
[White "Fiser, Jiri"]
[Black "Becvar, Miroslav"]
[Result "0-1"]
[WhiteElo "1815"]
[BlackElo "1863"]
[PlyCount "0"]
[EventDate "2021.08.30"]
[EventType "team"]
[EventRounds "9"]
[EventCountry "ECX"]
[WhiteTeam "CAISSA ROZTOKY"]
[BlackTeam "SK PLZEN"]

1. e4 {[%clk 1:30:54]} e5 {[%clk 1:30:53]} 2. Nf3 {[%clk 1:31:19]} Nc6
{[%clk 1:31:20]} 3. d4 {[%clk 1:31:44]} exd4 {[%clk 1:31:40]} 4. Nxd4
{[%clk 1:32:12]} Bc5 {[%clk 1:32:02]} 5. Nb3 {[%clk 1:32:40]} Bb6
{[%clk 1:32:13]} 6. Nc3 {[%clk 1:32:07]} d6 {[%clk 1:31:50]} 7. Qe2
{[%clk 1:31:16]} Nge7 {[%clk 1:20:10]} 8. Be3 {[%clk 1:31:17]} O-O
{[%clk 1:06:47]} 9. O-O-O {[%clk 1:31:08]} f5 {[%clk 1:05:32]} 10. f4
{[%clk 0:55:13]} fxe4 {[%clk 0:56:51]} 11. Nxe4 {[%clk 0:46:37]} Ng6
{[%clk 0:40:30]} 12. g3 {[%clk 0:31:28]} Re8 {[%clk 0:34:02]} 13. Bg2
{[%clk 0:27:36]} Bf5 {[%clk 0:27:25]} 14. Bxb6 {[%clk 0:25:34]} axb6
{[%clk 0:27:38]} 15. a3 {[%clk 0:20:07]} Ra4 {[%clk 0:24:32]} 16. c4
{[%clk 0:15:40]} Qe7 {[%clk 0:19:07]} 17. Rhe1 {[%clk 0:14:44]} b5
{[%clk 0:15:48]} 18. Nbd2 {[%clk 0:13:11]} bxc4 {[%clk 0:14:59]} 19. Nxc4
{[%clk 0:13:22]} b5 20. b3 {[%clk 0:12:41]} Raa8 {[%clk 0:09:49]} 21. Ncd2
{[%clk 0:11:39]} d5 {[%clk 0:08:21]} 22. Qxb5 {[%clk 0:11:52]} Qxa3+
{[%clk 0:08:32]}  0-1

[Event "European Senior Team Championship 2021"]
[Site "Don Giovanni hotel, Vinohradska 2733, Prague, Czech Republic"]
[Date "2021.09.01"]
[Round "3"]
[Board "3"]
[White "Danek, Vaclav"]
[Black "Tejkal, Jiri"]
[Result "1-0"]
[WhiteElo "1832"]
[BlackElo "1869"]
[PlyCount "0"]
[EventDate "2021.08.30"]
[EventType "team"]
[EventRounds "9"]
[EventCountry "ECX"]
[WhiteTeam "SK PLZEN"]
[BlackTeam "CAISSA ROZTOKY"]

1. e4 {[%clk 1:30:56]} c5 {[%clk 1:30:20]} 2. Nc3 {[%clk 1:31:18]} Nc6
{[%clk 1:30:42]} 3. g3 {[%clk 1:31:42]} g6 {[%clk 1:31:03]} 4. Bg2
{[%clk 1:32:05]} Bg7 {[%clk 1:31:27]} 5. Nge2 {[%clk 1:32:29]} d6
{[%clk 1:30:56]} 6. d3 {[%clk 1:32:51]} e6 {[%clk 1:30:31]} 7. Be3
{[%clk 1:33:06]} Nd4 {[%clk 1:29:53]} 8. Nf4 {[%clk 1:31:36]} Ne7
{[%clk 1:21:54]} 9. Rb1 {[%clk 1:31:20]} Rb8 {[%clk 1:21:26]} 10. a4
{[%clk 1:31:41]} b6 {[%clk 1:19:13]} 11. O-O {[%clk 1:31:46]} O-O
{[%clk 1:17:47]} 12. Nce2 {[%clk 1:31:52]} Bd7 {[%clk 1:13:52]} 13. c3
{[%clk 1:31:43]} Nxe2+ {[%clk 1:13:47]} 14. Nxe2 {[%clk 1:31:54]} b5
{[%clk 1:10:53]} 15. d4 {[%clk 1:28:47]} Qc8 {[%clk 1:03:00]} 16. dxc5
{[%clk 1:28:32]} dxc5 {[%clk 1:02:47]} 17. Qd6 {[%clk 1:28:29]} Re8
{[%clk 1:00:12]} 18. Rfd1 {[%clk 1:27:38]} Bc6 {[%clk 0:59:23]} 19. Bxc5
{[%clk 1:24:36]} bxa4 {[%clk 0:53:22]} 20. Bd4 {[%clk 1:20:31]} Qb7
{[%clk 0:51:50]} 21. Bxg7 {[%clk 1:17:42]} Kxg7 {[%clk 0:52:16]} 22. Nd4
{[%clk 1:17:21]} Rbd8 {[%clk 0:48:35]} 23. Qe5+ {[%clk 1:17:01]} Kg8
{[%clk 0:48:13]} 24. b4 {[%clk 1:08:47]} Bd7 {[%clk 0:40:08]} 25. b5
{[%clk 1:08:38]} Qb6 {[%clk 0:32:43]} 26. Qf6 {[%clk 0:52:30]} Qc5
{[%clk 0:28:37]} 27. Rdc1 {[%clk 0:51:21]} Nc8 {[%clk 0:27:42]} 28. Nf3
{[%clk 0:47:46]} Nb6 {[%clk 0:21:42]} 29. Ne5 {[%clk 0:47:45]} Qe7
{[%clk 0:20:10]} 30. Qxe7 {[%clk 0:47:16]} Rxe7 {[%clk 0:20:35]} 31. c4
{[%clk 0:47:34]} f6 {[%clk 0:18:18]} 32. Ng4 {[%clk 0:47:38]} Kg7
{[%clk 0:18:04]} 33. c5 {[%clk 0:47:57]} Na8 {[%clk 0:15:25]} 34. Rc4
{[%clk 0:45:42]} Rb8 {[%clk 0:12:17]} 35. c6 {[%clk 0:42:58]} Be8
{[%clk 0:12:07]} 36. e5 {[%clk 0:41:55]} f5 {[%clk 0:11:44]} 37. Nf6
{[%clk 0:41:02]} Nb6 {[%clk 0:11:35]} 38. Rc3 {[%clk 0:39:00]} Rc7
{[%clk 0:09:17]} 39. Rd1 {[%clk 0:38:35]} h6 {[%clk 0:08:49]} 40. Rd6
{[%clk 0:37:53]} Kf7 {[%clk 0:07:36]} 41. Bf1 {[%clk 0:36:04]} h5
{[%clk 0:04:12]} 42. f4 {[%clk 0:36:22]} Ke7 {[%clk 0:03:40]} 43. Bd3
{[%clk 0:35:56]} Rd8 {[%clk 0:02:47]} 44. Ng8+ {[%clk 0:36:00]}  1-0

[Event "European Senior Team Championship 2021"]
[Site "Don Giovanni hotel, Vinohradska 2733, Prague, Czech Republic"]
[Date "2021.09.01"]
[Round "3"]
[Board "4"]
[White "Halla, Jiri"]
[Black "Kasik, Miroslav"]
[Result "1/2-1/2"]
[WhiteElo "1759"]
[BlackElo "1734"]
[PlyCount "0"]
[EventDate "2021.08.30"]
[EventType "team"]
[EventRounds "9"]
[EventCountry "ECX"]
[WhiteTeam "CAISSA ROZTOKY"]
[BlackTeam "SK PLZEN"]

1. Nf3 {[%clk 1:30:52]} d5 {[%clk 1:30:51]} 2. g3 {[%clk 1:31:13]} Nf6
{[%clk 1:30:48]} 3. Bg2 {[%clk 1:31:36]} e6 {[%clk 1:31:02]} 4. O-O
{[%clk 1:31:39]} Be7 {[%clk 1:29:11]} 5. c4 {[%clk 1:28:59]} O-O {[%clk 1:29:02]}
6. cxd5 {[%clk 1:28:12]} exd5 {[%clk 1:29:04]} 7. d4 {[%clk 1:27:52]} Re8
{[%clk 1:27:27]} 8. Nc3 {[%clk 1:27:59]} c6 {[%clk 1:27:40]} 9. a3
{[%clk 1:25:22]} Bd6 {[%clk 1:23:50]} 10. Qc2 {[%clk 1:11:31]} Nbd7
{[%clk 1:22:44]} 11. Re1 {[%clk 1:10:00]} Nf8 {[%clk 1:22:46]} 12. Bg5
{[%clk 1:09:09]} Be7 {[%clk 1:16:16]} 13. Ne5 {[%clk 1:05:05]} Ng4
{[%clk 1:13:36]} 14. Bxe7 {[%clk 1:00:22]} Rxe7 {[%clk 1:13:07]} 15. Nxg4
{[%clk 1:00:11]} Bxg4 {[%clk 1:13:22]} 16. e3 {[%clk 0:59:20]} Qd6
{[%clk 1:09:49]} 17. b4 {[%clk 0:59:04]} Nd7 {[%clk 1:03:56]} 18. Rec1
{[%clk 0:53:50]} Nb6 {[%clk 0:59:56]} 19. Na4 {[%clk 0:49:05]} Nxa4
{[%clk 0:59:53]}  1/2-1/2

[Event "European Senior Team Championship 2021"]
[Site "Don Giovanni hotel, Vinohradska 2733, Prague, Czech Republic"]
[Date "2021.09.01"]
[Round "3"]
[Board "1"]
[White "Mozna, Eva"]
[Black "Vrabec, Milos"]
[Result "1/2-1/2"]
[WhiteElo "1905"]
[BlackElo "2095"]
[PlyCount "0"]
[EventDate "2021.08.30"]
[EventType "team"]
[EventRounds "9"]
[EventCountry "ECX"]
[WhiteTeam "CZECH REPUBLIC WOMEN"]
[BlackTeam "OLDEST BOYS"]

1. d4 {[%clk 1:30:58]} Nf6 {[%clk 1:30:46]} 2. c4 {[%clk 1:31:09]} g6
{[%clk 1:30:51]} 3. Nf3 {[%clk 1:31:31]} Bg7 {[%clk 1:31:14]} 4. g3
{[%clk 1:31:57]} O-O {[%clk 1:30:35]} 5. Bg2 {[%clk 1:32:26]} d6 {[%clk 1:30:30]}
6. O-O {[%clk 1:32:46]} c6 {[%clk 1:30:04]} 7. Nc3 {[%clk 1:32:51]} Be6
{[%clk 1:26:08]} 8. Qd3 {[%clk 1:25:24]} Na6 {[%clk 1:19:35]} 9. a3
{[%clk 1:25:37]} h6 {[%clk 1:10:26]} 10. h3 {[%clk 1:25:05]} Nc7 {[%clk 0:54:51]}
11. e4 {[%clk 1:20:20]} d5 {[%clk 0:53:06]} 12. cxd5 {[%clk 1:11:20]} cxd5
{[%clk 0:53:21]} 13. e5 {[%clk 1:10:44]} Bf5 {[%clk 0:53:36]} 14. Qe2
{[%clk 1:09:12]} Ne4 {[%clk 0:53:23]} 15. Nh4 {[%clk 1:03:59]} Nxc3
{[%clk 0:51:11]} 16. bxc3 {[%clk 1:04:28]} Bd7 {[%clk 0:44:21]} 17. Qc2
{[%clk 1:04:46]} Qc8 {[%clk 0:42:14]} 18. Kh2 {[%clk 0:59:27]} g5
{[%clk 0:37:40]} 19. Nf3 {[%clk 0:59:14]} Bf5 {[%clk 0:37:38]} 20. Qe2
{[%clk 0:55:07]} Be4 {[%clk 0:37:03]} 21. h4 {[%clk 0:53:28]} Qg4
{[%clk 0:29:42]} 22. Ng1 {[%clk 0:46:27]} Qxe2 {[%clk 0:29:53]} 23. Nxe2
{[%clk 0:46:56]} Bxg2 {[%clk 0:28:21]} 24. Kxg2 {[%clk 0:47:24]} gxh4
{[%clk 0:21:02]} 25. gxh4 {[%clk 0:47:53]} e6 {[%clk 0:21:22]} 26. Ng3
{[%clk 0:35:50]} Nb5 {[%clk 0:16:14]} 27. Bd2 {[%clk 0:35:18]} Rac8
{[%clk 0:16:31]} 28. Rfc1 {[%clk 0:35:27]} a6 {[%clk 0:15:46]} 29. a4
{[%clk 0:35:29]} Na7 {[%clk 0:16:08]} 30. Nh5 {[%clk 0:34:16]} Kh7
{[%clk 0:12:08]} 31. Nxg7 Kxg7 {[%clk 0:12:29]} 32. Kh3 {[%clk 0:34:30]} Nc6
{[%clk 0:11:53]} 33. Rab1 {[%clk 0:32:28]} Na5 {[%clk 0:11:10]} 34. Rg1+
{[%clk 0:30:37]} Kh7 {[%clk 0:11:31]}  1/2-1/2

[Event "European Senior Team Championship 2021"]
[Site "Don Giovanni hotel, Vinohradska 2733, Prague, Czech Republic"]
[Date "2021.09.01"]
[Round "3"]
[Board "2"]
[White "Valtera, Jiri"]
[Black "Modrova, Hana"]
[Result "1/2-1/2"]
[WhiteElo "1850"]
[BlackElo "1816"]
[PlyCount "0"]
[EventDate "2021.08.30"]
[EventType "team"]
[EventRounds "9"]
[EventCountry "ECX"]
[WhiteTeam "OLDEST BOYS"]
[BlackTeam "CZECH REPUBLIC WOMEN"]

1. e4 {[%clk 1:30:25]} d6 {[%clk 1:30:47]} 2. d4 {[%clk 1:30:10]} Nf6
{[%clk 1:31:02]} 3. Nc3 {[%clk 1:30:26]} c6 {[%clk 1:30:57]} 4. f4
{[%clk 1:26:32]} Qa5 {[%clk 1:30:22]} 5. Bd3 {[%clk 1:26:50]} e5 {[%clk 1:28:25]}
6. Nf3 {[%clk 1:25:37]} Bg4 {[%clk 1:27:38]} 7. Be3 {[%clk 1:25:13]} exd4
{[%clk 1:22:55]} 8. Bxd4 {[%clk 1:24:55]} Nbd7 {[%clk 1:20:55]} 9. Qd2
{[%clk 1:21:16]} Be7 {[%clk 1:18:34]} 10. O-O {[%clk 1:19:31]} Nc5
{[%clk 1:15:00]} 11. a3 {[%clk 1:11:37]} Nxd3 {[%clk 1:11:17]} 12. cxd3
{[%clk 1:11:03]} c5 {[%clk 1:06:28]} 13. Be3 {[%clk 1:05:02]} Qd8
{[%clk 1:00:10]} 14. h3 {[%clk 0:58:00]} Bxf3 {[%clk 0:58:34]} 15. Rxf3
{[%clk 0:58:20]} O-O {[%clk 0:56:58]} 16. d4 {[%clk 0:45:59]} d5 {[%clk 0:45:24]}
17. e5 {[%clk 0:45:17]} Ne4 {[%clk 0:45:25]} 18. Qd3 {[%clk 0:44:49]} c4
{[%clk 0:41:57]} 19. Qc2 {[%clk 0:43:03]} Nxc3 {[%clk 0:41:54]} 20. bxc3
{[%clk 0:41:53]} f5  1/2-1/2